Diccionario panhispánico de dudas
Guardado en:
| Formato: | Libro |
|---|---|
| Publicado: |
Colombia :
Santillana,
2005
|
| Materias: | |
| Etiquetas: |
Agregar Etiqueta
Sin Etiquetas, Sea el primero en etiquetar este registro!
|
| LEADER | 00478nam a22001695a 4500 | ||
|---|---|---|---|
| 001 | CEM.cems012102 | ||
| 005 | 20060503152648.0 | ||
| 008 | 130507s2005##################000#0#####d | ||
| 003 | CEMS | ||
| 020 | |a 9587043685 | ||
| 082 | 0 | 4 | |a 468.03 |
| 245 | 0 | 0 | |a Diccionario panhispánico de dudas |
| 260 | |a Colombia : |b Santillana, |c 2005 | ||
| 300 | |a 850 p. | ||
| 653 | |a Diccionarios | ||
| 653 | |a Diccionario panhispánico de dudas | ||
| 859 | |a CEMS |b BIB. CEMS - 11 de abril |h 468.03 |i R299 |p 23251.05 |t Ej.1 | ||
